The golden legend / (Record no. 146073)

MARC details
000 -LEADER
fixed length control field 00674nam a22001937a 4500
005 - DATE AND TIME OF LATEST TRANSACTION
control field 20180105143048.0
010 ## - LCCN (DPL NO)
LC control number 1718EN-30
020 ## - INTERNATIONAL STANDARD BOOK NUMBER
International Standard Book Number 9780670089116
Terms of availability 599.00
035 ## - SYSTEM CONTROL NUMBER
System control number B-682933-934
037 ## - SOURCE OF ACQUISITION
Source of stock number/acquisition Aakar
Stock number dpl
082 ## - DEWEY DECIMAL CLASSIFICATION NUMBER
Classification number N
100 ## - MAIN ENTRY--PERSONAL NAME
Personal name Aslam, Nadeem
245 ## - TITLE STATEMENT
Title The golden legend /
Statement of responsibility, etc by Nadeem Aslam
260 ## - PUBLICATION, DISTRIBUTION, ETC. (IMPRINT)
Date of publication, distribution, etc 2017
Place of publication, distribution, etc Gurgaon
Name of publisher, distributor, etc Penguin
270 ## - ADDRESS
Address 7th Floor, Infinity Tower C, DLF Cyber City,
City Gurgaon
Postal code 122002
300 ## - PHYSICAL DESCRIPTION
Dimensions 23cm(Hb)
Extent ix,364p.
942 ## - ADDED ENTRY ELEMENTS (KOHA)
Item type English Books
Source of classification or shelving scheme Dewey Decimal Classification
Call number suffix ASL
Classification part N
Holdings
Withdrawn status Lost status Not for loan Collection code Home library Current library Date acquired Source of acquisition Cost, normal purchase price Full call number Barcode Copy number Cost, replacement price Koha item type
      Fiction Ashok Vihar Ashok Vihar 05/01/2018 Aakar/I-2013/30.11.2017/BPPD/EN/2017-18/20.11.17/14.12.2017 599.00 N ASL B-682934 1 599.00 English Books
      Fiction Central Library Central Library 05/01/2018 Aakar/I-2013/30.11.2017/BPPD/EN/2017-18/20.11.17/14.12.2017 599.00 N ASL B-682933 1 599.00 English Books

© Delhi Public Library
Hit Counter
free hit counter